| 000 | 00711na a2200229 4500 | ||
|---|---|---|---|
| 001 | 18069 | ||
| 003 | MIRAKIL | ||
| 005 | 20181213155002.0 | ||
| 008 | 161110b tu 000 0 | ||
| 040 |
_aMilas _btur _cTR-AnCHP |
||
| 041 | _atur | ||
| 082 |
_a328.0609561 _bT96 2009 |
||
| 090 | _a328.0609561 T96 2009 | ||
| 110 | _aTürk Parlamenterler Birliği | ||
| 245 |
_aTürk Parlamenterler Birliği 33. yıl _cTürk Parlamenterler Birliği |
||
| 260 |
_aAnkara _bTürk Parlamenterler Birliği _c2009 |
||
| 300 |
_a336 s. _bres. _c24 sm. |
||
| 610 |
_aTürk Parlamenterler Birliği _xTarih, 13. yıl |
||
| 650 |
_aYasama süreci _xÖrgütler |
||
| 710 | _aTürk Parlamenterler Birliği | ||
| 942 |
_2ddc _cBKS |
||
| 999 |
_c4347 _d4347 |
||